[Event "France - Open A"]
[Site "Chartres"]
[Date "2019.08.22"]
[Round "6.33"]
[White "Guillerm, Mischa"]
[Black "Trouve, Guillaume"]
[Result "1/2-1/2"]
[WhiteElo "1960"]
[BlackElo "2114"]
[PlyCount "142"]
[EventDate "2019.08.??"]
[EventType "swiss"]
[EventRounds "9"]
[EventCountry "FRA"]
[WhiteTeam "U.S. Orléans.Echecs"]
[BlackTeam "Mulhouse Philidor"]

1. e4 c5 2. Nf3 d6 3. d4 cxd4 4. Nxd4 Nf6 5. Nc3 e6 6. Be3 Be7 7. Be2 Nc6 8.
O-O O-O 9. f4 Qc7 10. Kh1 Nxd4 11. Bxd4 e5 12. Be3 b6 13. Bf3 Bb7 14. Qe2 Rac8
15. Rae1 Rfd8 16. Qf2 Qc4 17. Bc1 exf4 18. Bxf4 Qb4 19. Bc1 Nd7 20. Bg4 Bf6 21.
Bxd7 Rxd7 22. Qf5 Rdc7 23. Nd5 Bxd5 24. exd5 Bxb2 25. Bxb2 Qxb2 26. Re7 Qf6 27.
Qxc8+ Rxc8 28. Rxf6 gxf6 29. Rxa7 Rxc2 30. h3 Rc5 31. Ra6 Rxd5 32. Rxb6 Kf8 33.
a4 Ke7 34. Rb1 Kd7 35. Kg1 Rf5 36. Ra1 Kc7 37. a5 Kb7 38. a6+ Ka7 39. Ra3 h5
40. Ra4 d5 41. g4 hxg4 42. hxg4 Re5 43. Kf2 f5 44. gxf5 Rxf5+ 45. Kg3 Rf6 46.
Ra5 Rd6 47. Kf3 d4 48. Ke2 Rxa6 49. Rxa6+ Kxa6 50. Kd3 Kb6 51. Kxd4 Kc6 52. Ke5
Kd7 53. Kf6 Ke8 54. Kf5 Ke7 55. Ke5 f6+ 56. Kf5 Kf7 57. Kf4 Kg6 58. Kg4 f5+ 59.
Kf4 Kf6 60. Kf3 Ke5 61. Ke3 f4+ 62. Kf3 Kf5 63. Kf2 Ke4 64. Ke2 f3+ 65. Kf2 Kf4
66. Kf1 Kg3 67. Kg1 Kg4 68. Kf2 Kf4 69. Kf1 Ke3 70. Ke1 Ke4 71. Kf2 Kf4 1/2-1/2

[Event "France - Open A"]
[Site "Chartres"]
[Date "2019.08.22"]
[Round "6.34"]
[White "Peltrault, Frederic"]
[Black "Trabet, Mathis"]
[Result "1/2-1/2"]
[WhiteElo "2101"]
[BlackElo "1989"]
[PlyCount "108"]
[EventDate "2019.08.??"]
[EventType "swiss"]
[EventRounds "9"]
[EventCountry "FRA"]
[WhiteTeam "La tour de Juvisy"]
[BlackTeam "Echecs Club de Corbas"]

1. b3 c5 2. Nf3 Nc6 3. Bb2 Nf6 4. e3 g6 5. Be2 Bg7 6. O-O O-O 7. d4 cxd4 8.
exd4 d5 9. Ne5 Qc7 10. c4 Rd8 11. Nxc6 Qxc6 12. Nd2 Bf5 13. Rc1 Rac8 14. c5 b6
15. b4 b5 16. a4 a6 17. axb5 axb5 18. Nb3 Bd7 19. Na5 Qa6 20. Qd3 Rc7 21. Ra1
Rb8 22. Bc1 Ra8 23. Bf4 Rcc8 24. h3 Ne8 25. Rac1 Qf6 26. Be5 Qa6 27. Bg3 Bh6
28. Ra1 Ng7 29. Qc3 Nf5 30. Be5 Bg7 31. g4 Bxe5 32. dxe5 Ng7 33. Nc4 Qb7 34.
Na5 Qa6 35. f4 e6 36. Rfc1 Kh8 37. Nc4 Qc6 38. Nb6 Rxa1 39. Qxa1 Rc7 40. Nxd7
Rxd7 41. Qa5 Rb7 42. Qd8+ Ne8 43. Ra1 Kg7 44. Ra8 Re7 45. Rb8 Qa6 46. Qxe7 Qa1+
47. Kg2 Qe1 48. Kf3 Qh1+ 49. Kf2 Qh2+ 50. Ke1 Qg1+ 51. Kd2 Qd4+ 52. Kc2 Qf2 53.
Kd1 Qd4+ 54. Kc2 Qf2 1/2-1/2

[Event "France - Open A"]
[Site "Chartres"]
[Date "2019.08.22"]
[Round "6.35"]
[White "Henno, Francois"]
[Black "Perradin, Vincent"]
[Result "1-0"]
[WhiteElo "2077"]
[BlackElo "1982"]
[PlyCount "83"]
[EventDate "2019.08.??"]
[EventType "swiss"]
[EventRounds "9"]
[EventCountry "FRA"]
[WhiteTeam "Cercle d'Echecs de Nantes"]
[BlackTeam "Echecs Club de Villeurbanne"]

1. e4 e5 2. Bc4 Nc6 3. Nf3 Bc5 4. c3 Nf6 5. d3 d6 6. a4 a5 7. Nbd2 O-O 8. O-O
Bg4 9. h3 Bh5 10. Re1 Bg6 11. Bb3 Re8 12. Nc4 h6 13. g4 Qd7 14. Nh4 Bh7 15. Nf5
d5 16. Nd2 dxe4 17. dxe4 Rad8 18. Bc2 Bxf5 19. gxf5 g5 20. Qe2 Kh7 21. Kh1 Rg8
22. Rg1 Qe7 23. Nc4 g4 24. hxg4 Nxe4 25. f6 Qxf6 26. Qxe4+ Rg6 27. Qg2 e4 28.
Bxe4 Bxf2 29. Rf1 Qh4+ 30. Qh2 Qxg4 31. Bxg6+ fxg6 32. Qxf2 Qh3+ 33. Kg1 Qg4+
34. Qg2 Qxc4 35. Bf4 Rf8 36. Bg3 Qc5+ 37. Kh1 Qh5+ 38. Bh2 Re8 39. Rf7+ Kg8 40.
Raf1 Ne5 41. Qd5 c6 42. Rf8+ 1-0

[Event "France - Open A"]
[Site "Chartres"]
[Date "2019.08.22"]
[Round "6.36"]
[White "Valentin, Rene"]
[Black "Van Den Brande, Norman"]
[Result "1-0"]
[WhiteElo "2076"]
[BlackElo "1994"]
[PlyCount "43"]
[EventDate "2019.08.??"]
[EventType "swiss"]
[EventRounds "9"]
[EventCountry "FRA"]
[WhiteTeam "C'Chartres Echecs"]
[BlackTeam "Maison des Echecs Toulouse Lardenne"]

1. d4 Nf6 2. Nf3 c5 3. d5 b5 4. a4 b4 5. c4 e6 6. dxe6 fxe6 7. g3 Be7 8. Bg2
Bb7 9. O-O O-O 10. Bf4 Qc8 11. Nbd2 Nh5 12. Be3 d5 13. cxd5 exd5 14. Rc1 Na6
15. Nb3 c4 16. Na5 Nc7 17. Nxb7 Qxb7 18. Nd4 Qa6 19. Nb5 Nxb5 20. axb5 Qg6 21.
Bxd5+ Kh8 22. Bxa8 1-0

[Event "France - Open A"]
[Site "Chartres"]
[Date "2019.08.22"]
[Round "6.37"]
[White "Labrande, Theodore"]
[Black "Poulet, Benoit"]
[Result "0-1"]
[WhiteElo "1996"]
[BlackElo "2048"]
[PlyCount "86"]
[EventDate "2019.08.??"]
[EventType "swiss"]
[EventRounds "9"]
[EventCountry "FRA"]
[WhiteTeam "La Tour Saint Pierroise"]
[BlackTeam "Echiquier des Lions - Lyon Oullins"]

1. e4 c5 2. Nf3 a6 3. Nc3 b5 4. d4 cxd4 5. Nxd4 e6 6. Be2 Bb7 7. a3 Nc6 8. O-O
Qb8 9. Be3 Bd6 10. f4 Nge7 11. Qd3 O-O 12. Rad1 Bc7 13. e5 Rd8 14. Ne4 Nxd4 15.
Bxd4 Nf5 16. Bc5 Bxe4 17. Qxe4 Bb6 18. Bxb6 Qxb6+ 19. Kh1 d5 20. exd6 Ne3 21.
Rfe1 Nxd1 22. Rxd1 Ra7 23. f5 Rxd6 24. Rf1 f6 25. fxe6 Rxe6 26. Qd5 Qd6 27. Bf3
Rd7 28. Qb3 f5 29. h3 Kh8 30. a4 bxa4 31. Qxa4 Rde7 32. Qa5 Re5 33. Qc3 Qc5 34.
Qd2 h6 35. b3 Qb5 36. Rd1 Kh7 37. Kh2 Qb8 38. Qf4 Qa7 39. Rd8 Qb6 40. Rd4 g5
41. Qd2 Qc7 42. g3 Re3 43. Qg2 Rxf3 0-1

[Event "France - Open A"]
[Site "Chartres"]
[Date "2019.08.22"]
[Round "6.38"]
[White "Steibel, Julien"]
[Black "Corgeron, Jean-Luc"]
[Result "0-1"]
[WhiteElo "1993"]
[BlackElo "2036"]
[PlyCount "88"]
[EventDate "2019.08.??"]
[EventType "swiss"]
[EventRounds "9"]
[EventCountry "FRA"]
[WhiteTeam "Bischwiller"]
[BlackTeam "Club Avenir St Georges Section Echecs "]

1. e4 g6 2. d4 Bg7 3. Nc3 d6 4. Be3 Nf6 5. f3 c6 6. Qd2 h5 7. h4 b5 8. Nh3 a5
9. Bd3 e5 10. dxe5 dxe5 11. O-O-O Qe7 12. Bg5 Be6 13. f4 Bxh3 14. Rxh3 Nbd7 15.
Nxb5 O-O 16. Na3 exf4 17. Qxf4 Rab8 18. Nc4 Rfe8 19. Rf3 Qe6 20. Nd6 Qxa2 21.
Nxe8 Qxb2+ 22. Kd2 Rxe8 23. Rdf1 Qb4+ 24. Ke2 Re6 25. Bxf6 Rxf6 26. Qc7 Rxf3
27. Rxf3 Ne5 28. Qd8+ Kh7 29. Rf1 Bh6 30. Rd1 Qc5 31. Qf6 a4 32. Qf2 Qc3 33. g4
hxg4 34. h5 c5 35. hxg6+ fxg6 36. Qf6 c4 37. Qe7+ Kg8 38. Qe6+ Kg7 39. Bxc4
Qxc4+ 40. Qxc4 Nxc4 41. Rg1 a3 42. Rxg4 Bc1 43. Rg1 Bb2 44. Kd3 Ne5+ 0-1

[Event "France - Open A"]
[Site "Chartres"]
[Date "2019.08.22"]
[Round "6.39"]
[White "Destic, Pablo"]
[Black "Emmenecker, Pierre-Antoine"]
[Result "1-0"]
[WhiteElo "1989"]
[BlackElo "2021"]
[PlyCount "105"]
[EventDate "2019.08.??"]
[EventType "swiss"]
[EventRounds "9"]
[EventCountry "FRA"]
[WhiteTeam "l'Echiquier Toulousain"]
[BlackTeam "Issy-Les-Moulineaux"]

1. e4 e5 2. Nf3 Nc6 3. Bb5 Bc5 4. c3 Nf6 5. O-O O-O 6. d4 Bb6 7. Re1 d6 8. h3
Ne7 9. Nbd2 c6 10. Ba4 Ng6 11. b4 Nh5 12. Nxe5 dxe5 13. Qxh5 exd4 14. c4 Be6
15. c5 Bc7 16. Nf3 Nf4 17. Bxf4 Bxf4 18. Red1 d3 19. Bb3 g6 20. Qh4 Qxh4 21.
Nxh4 Bxb3 22. axb3 Be5 23. Rac1 Rfd8 24. Nf3 Bb2 25. Rc4 a5 26. Rd2 Ba3 27. Ne5
f6 28. Nxd3 Bxb4 29. Rd1 Rd7 30. Kf1 Rad8 31. Ke2 Kf8 32. f3 Kg7 33. Rcc1 Kf7
34. Nxb4 axb4 35. Rxd7+ Rxd7 36. Rd1 Re7 37. Rd4 Ke6 38. Ke3 f5 39. Rxb4 Kf6
40. Rd4 fxe4 41. fxe4 Rf7 42. Rd8 Ke7 43. Rb8 Ke6 44. h4 h5 45. Rg8 Kf6 46. Kf4
Rd7 47. Rf8+ Kg7 48. Rb8 Kf7 49. Ke5 Rc7 50. Kd6 Re7 51. e5 Re6+ 52. Kc7 Rxe5
53. Rxb7 1-0

[Event "France - Open A"]
[Site "Chartres"]
[Date "2019.08.22"]
[Round "6.40"]
[White "Azymah, Remy"]
[Black "Chartier, Antoine"]
[Result "1-0"]
[WhiteElo "1957"]
[BlackElo "2013"]
[PlyCount "117"]
[EventDate "2019.08.??"]
[EventType "swiss"]
[EventRounds "9"]
[EventCountry "FRA"]
[WhiteTeam "Evry Grand Roque"]
[BlackTeam "Le Petit-Roque de Sèvres-Ville d'Avray"]

1. e4 Nf6 2. e5 Nd5 3. d4 d6 4. c4 Nb6 5. Nf3 g6 6. Nc3 Bg7 7. Be3 Nc6 8. exd6
cxd6 9. Be2 Bg4 10. b3 O-O 11. Rc1 d5 12. c5 Nc8 13. O-O e6 14. b4 a6 15. a3
N8e7 16. Nh4 Bxe2 17. Nxe2 e5 18. f4 exf4 19. Bxf4 Re8 20. Qd2 Qd7 21. Rce1 f6
22. Be3 Nd8 23. Kh1 Nec6 24. Nf3 Nf7 25. Ng3 Qg4 26. Qf2 Re7 27. Bd2 Rae8 28.
h3 Qd7 29. Rxe7 Rxe7 30. Re1 Qe8 31. Ne2 Qd7 32. Nc3 Nfd8 33. Rxe7 Nxe7 34. Qe2
Ndc6 35. Be1 Kf7 36. Bf2 Qe6 37. Qd3 Bh6 38. b5 Na5 39. bxa6 bxa6 40. Nd2 Nec6
41. Na4 Bxd2 42. Qxd2 Nc4 43. Qd3 N6a5 44. Nc3 g5 45. Qxh7+ Ke8 46. h4 gxh4 47.
Bxh4 Nc6 48. Qh5+ Qf7 49. Qh8+ Ke7 50. Bxf6+ Ke6 51. Bg5 Kf5 52. Qh4 Nxd4 53.
Qf2+ Kg6 54. Qxd4 Kxg5 55. Nxd5 Qh7+ 56. Kg1 Qb1+ 57. Kh2 Qh7+ 58. Kg3 Qc2 59.
Qg7+ 1-0

[Event "France - Open A"]
[Site "Chartres"]
[Date "2019.08.22"]
[Round "6.41"]
[White "De Lussac, Estephe"]
[Black "Afraoui, Solenn"]
[Result "1-0"]
[WhiteElo "1993"]
[BlackElo "1974"]
[PlyCount "73"]
[EventDate "2019.08.??"]
[EventType "swiss"]
[EventRounds "9"]
[EventCountry "FRA"]
[WhiteTeam "Lille Université Club Echiquier du Nord"]
[BlackTeam "U.S.Villejuif Echecs"]

1. e4 c5 2. Nf3 d6 3. d4 cxd4 4. Nxd4 Nf6 5. Nc3 a6 6. Be2 e6 7. O-O Be7 8. a4
O-O 9. Be3 Nc6 10. f4 Qc7 11. Nb3 Na5 12. Nxa5 Qxa5 13. Qe1 Qc7 14. g4 d5 15.
e5 Ne4 16. Nxe4 dxe4 17. c3 Bd7 18. a5 Bc5 19. Qf2 Bxe3 20. Qxe3 Bc6 21. c4
Rfd8 22. b4 g5 23. b5 gxf4 24. Qxf4 axb5 25. cxb5 Bd5 26. Qg5+ Kh8 27. Qf6+ Kg8
28. Rfc1 Qd7 29. Rc3 Qe8 30. Rh3 Qf8 31. Rh5 Qc5+ 32. Kf1 Qc3 33. Qg5+ Kf8 34.
Rc1 Qxa5 35. Rxh7 Ke8 36. Qg8+ Ke7 37. Qxf7# 1-0

[Event "France - Open A"]
[Site "Chartres"]
[Date "2019.08.22"]
[Round "6.42"]
[White "Bourges, Jerome"]
[Black "Afraoui, Anaelle"]
[Result "1-0"]
[WhiteElo "1962"]
[BlackElo "2163"]
[PlyCount "67"]
[EventDate "2019.08.??"]
[EventType "swiss"]
[EventRounds "9"]
[EventCountry "FRA"]
[WhiteTeam "USAM Echiquier Brestois"]
[BlackTeam "Clichy-Echecs-92"]

1. d4 Nf6 2. Bf4 g6 3. Nc3 d5 4. e3 Bg7 5. h4 a6 6. Be2 c5 7. h5 cxd4 8. exd4
gxh5 9. Bxh5 Bf5 10. Bf3 Nc6 11. Nge2 Rc8 12. Bg5 Ne4 13. Bxe4 dxe4 14. Be3 Qd7
15. Ng3 Nxd4 16. Nxf5 Nxf5 17. Qxd7+ Kxd7 18. O-O-O+ Ke6 19. Nxe4 Nxe3 20. fxe3
Rc4 21. Ng5+ Kf6 22. Nf3 Rhc8 23. c3 h6 24. Rdf1 Ke6 25. Nd4+ Bxd4 26. exd4
Rxd4 27. Rxh6+ f6 28. Re1+ Kd6 29. Rh7 Rg4 30. Rhxe7 b6 31. R7e6+ Kc7 32. Rxf6
Rxg2 33. Re7+ Kd8 34. Rh7 1-0

[Event "France - Open A"]
[Site "Chartres"]
[Date "2019.08.22"]
[Round "6.43"]
[White "Fischer, Thorange"]
[Black "Serralta, Michel"]
[Result "0-1"]
[WhiteElo "1979"]
[BlackElo "2103"]
[PlyCount "34"]
[EventDate "2019.08.??"]
[EventType "swiss"]
[EventRounds "9"]
[EventCountry "FRA"]
[WhiteTeam "Clichy-Echecs-92"]
[BlackTeam "USAM Echiquier Brestois"]

1. Nf3 g6 2. g3 Bg7 3. Bg2 e5 4. d3 Nc6 5. O-O d6 6. c4 f5 7. Nc3 h6 8. Rb1 Nf6
9. Ne1 O-O 10. e4 g5 11. f4 exf4 12. gxf4 Ng4 13. Nc2 Nd4 14. h3 Nxc2 15. hxg4
Bd4+ 16. Kh2 gxf4 17. Bh3 fxg4 0-1

[Event "France - Open A"]
[Site "Chartres"]
[Date "2019.08.22"]
[Round "6.44"]
[White "Schweitzer, Olaf"]
[Black "Logie, Marc"]
[Result "1-0"]
[WhiteElo "2065"]
[BlackElo "1980"]
[PlyCount "55"]
[EventDate "2019.08.??"]
[EventType "swiss"]
[EventRounds "9"]
[EventCountry "FRA"]
[WhiteTeam "Championnat de France 2019"]
[BlackTeam "Club d'Echecs du Vesinet"]

1. e4 d6 2. d4 Nf6 3. Nc3 Nbd7 4. Nf3 e5 5. Bc4 Be7 6. O-O O-O 7. Re1 c6 8. a4
a5 9. Bf1 Re8 10. b3 Bf8 11. Ba3 Qc7 12. h3 exd4 13. Nxd4 Nc5 14. Qf3 Nfd7 15.
Rad1 Ne5 16. Qg3 Qe7 17. f4 Ng6 18. Bc1 Qf6 19. f5 Qe5 20. Qf2 Nh8 21. Bf4 Qe7
22. Qg3 f6 23. Nf3 Nf7 24. Bc4 Rd8 25. Nh4 Kh8 26. Qf3 Ne5 27. Bxe5 fxe5 28.
Qh5 1-0

[Event "France - Open A"]
[Site "Chartres"]
[Date "2019.08.22"]
[Round "6.45"]
[White "Brouard, Gregoire"]
[Black "Dube, Dimitri"]
[Result "1-0"]
[WhiteElo "1979"]
[BlackElo "2056"]
[PlyCount "81"]
[EventDate "2019.08.??"]
[EventType "swiss"]
[EventRounds "9"]
[EventCountry "FRA"]
[WhiteTeam "J.E.E.N."]
[BlackTeam "Echiquier Tourangeau"]

1. d4 Nc6 2. d5 Ne5 3. f4 Ng6 4. e4 e6 5. dxe6 dxe6 6. Qxd8+ Kxd8 7. Nc3 Bc5 8.
Nf3 Nf6 9. Bd2 Bd7 10. Bd3 Ng4 11. Nd1 Bc6 12. b4 Bb6 13. c4 a6 14. a4 Ke7 15.
c5 Rhd8 16. Nb2 Ba7 17. b5 Bd7 18. h3 Nh6 19. Bb4 Ke8 20. g3 f6 21. O-O Nf7 22.
Kg2 Ne7 23. Bc4 g5 24. Nd3 gxf4 25. Nxf4 c6 26. Ba5 axb5 27. axb5 Bxc5 28. Bxd8
Rxa1 29. Rxa1 Nxd8 30. Nh5 Ng8 31. bxc6 Bxc6 32. Ra8 Bd7 33. e5 Be7 34. Nd4 Kf7
35. exf6 Nxf6 36. Nf4 b5 37. Bb3 Nd5 38. Nxd5 exd5 39. Bxd5+ Kf6 40. Nf3 Nc6
41. Ra6 1-0

[Event "France - Open A"]
[Site "Chartres"]
[Date "2019.08.22"]
[Round "6.46"]
[White "Haberthur, Maxime"]
[Black "Fruteau, Sabine"]
[Result "1/2-1/2"]
[WhiteElo "1985"]
[BlackElo "1968"]
[PlyCount "64"]
[EventDate "2019.08.??"]
[EventType "swiss"]
[EventRounds "9"]
[EventCountry "FRA"]
[WhiteTeam "Echiquier Clermontois Arverne - ECA"]
[BlackTeam "Orcher la Tour"]

1. e4 e5 2. Nf3 Nc6 3. Bb5 a6 4. Bxc6 dxc6 5. d4 exd4 6. Qxd4 Qxd4 7. Nxd4 Bd7
8. Nc3 O-O-O 9. Be3 Bb4 10. Nde2 Ne7 11. O-O-O Ng6 12. f3 h6 13. a3 Be7 14. Bd4
Rhg8 15. Bf2 Bg5+ 16. Kb1 Nf4 17. Nxf4 Bxf4 18. Bg3 Bg5 19. Rd3 Be6 20. Rhd1
Bc4 21. Rxd8+ Rxd8 22. f4 Be7 23. Rxd8+ Kxd8 24. Bf2 Bf1 25. g3 Kd7 26. Kc1 Ke6
27. Kd2 f5 28. e5 b6 29. Nd1 Bg2 30. Nc3 c5 31. Nd1 Bf3 32. Ne3 Bf8 1/2-1/2

[Event "France - Open A"]
[Site "Chartres"]
[Date "2019.08.22"]
[Round "6.47"]
[White "Herault, Theotime"]
[Black "Radoman, Emmanuel"]
[Result "1/2-1/2"]
[WhiteElo "1980"]
[BlackElo "1956"]
[PlyCount "92"]
[EventDate "2019.08.??"]
[EventType "swiss"]
[EventRounds "9"]
[EventCountry "FRA"]
[WhiteTeam "Echecs Club de Corbas"]
[BlackTeam "Nice Alekhine"]

1. d4 Nf6 2. c4 e6 3. Nc3 d5 4. cxd5 exd5 5. Bg5 Be7 6. Qc2 c6 7. e3 Nbd7 8.
Bd3 O-O 9. Nge2 Re8 10. O-O h6 11. Bf4 Nh5 12. Nxd5 Nxf4 13. Ndxf4 Nf6 14. Bc4
Bd6 15. b4 Qc7 16. Rab1 Kh8 17. g3 g5 18. Ng2 Bh3 19. Bd3 Nd5 20. a3 Bxg2 21.
Kxg2 Rxe3 22. Nc3 Re7 23. Ne4 Rae8 24. Rbe1 Bxb4 25. axb4 Nxb4 26. Qc3 Nxd3 27.
d5+ Re5 28. Nf6 Nxe1+ 29. Rxe1 Rxe1 30. Ng4+ R8e5 31. f4 R1e2+ 32. Kf3 gxf4 33.
gxf4 h5 34. Nxe5 Rxe5 35. fxe5 Qd8 36. d6 f6 37. e6 Qxd6 38. Qxf6+ Kg8 39. Qf7+
Kh8 40. e7 Qd3+ 41. Kg2 Qe2+ 42. Kg3 Qg4+ 43. Kf2 Qd4+ 44. Ke2 Qe4+ 45. Kd2
Qd4+ 46. Ke2 Qe4+ 1/2-1/2

[Event "France - Open A"]
[Site "Chartres"]
[Date "2019.08.22"]
[Round "6.48"]
[White "Leccia, Antoine"]
[Black "Galloux, Maxime"]
[Result "1-0"]
[WhiteElo "1969"]
[BlackElo "2039"]
[PlyCount "81"]
[EventDate "2019.08.??"]
[EventType "swiss"]
[EventRounds "9"]
[EventCountry "FRA"]
[WhiteTeam "Corsica Chess Club"]
[BlackTeam "Tour Blanche Echecs"]

1. d4 Nf6 2. Nf3 g6 3. g3 Bg7 4. Bg2 O-O 5. O-O d6 6. a4 Nbd7 7. a5 c6 8. Nc3
Re8 9. h3 Qc7 10. Re1 e5 11. dxe5 dxe5 12. e4 Nc5 13. Qe2 h6 14. b4 Ne6 15. Be3
Nh7 16. Rad1 Nhg5 17. Nxg5 Nxg5 18. Kh2 Ne6 19. Na4 Nd4 20. Qd2 Kh7 21. c3 Nb5
22. Qc2 f5 23. f4 Qf7 24. Qc1 fxe4 25. Bxe4 Bf5 26. Bg2 exf4 27. Bxf4 Qa2 28.
c4 Nd4 29. Rxe8 Rxe8 30. Nc3 Qxc4 31. g4 Nb3 32. Bf1 Qxb4 33. Bd6 Qxc3 34. Qxc3
Bxc3 35. gxf5 Re1 36. Rxe1 Bxe1 37. f6 Nd4 38. f7 Ne6 39. Bc4 Nf8 40. Bxf8 Bxa5
41. Bd6 1-0

[Event "France - Open A"]
[Site "Chartres"]
[Date "2019.08.22"]
[Round "6.49"]
[White "Gautier, Joel"]
[Black "Rasolo, Loick"]
[Result "0-1"]
[WhiteElo "1975"]
[BlackElo "1965"]
[PlyCount "106"]
[EventDate "2019.08.??"]
[EventType "swiss"]
[EventRounds "9"]
[EventCountry "FRA"]
[WhiteTeam "Ass des joueurs d'Echecs du Barreau de Paris"]
[BlackTeam "Marseille Passion Echecs"]

1. e4 c5 2. Nf3 Nf6 3. Nc3 d5 4. exd5 Nxd5 5. Bb5+ Bd7 6. Ne5 Nf6 7. Nxd7 Nbxd7
8. O-O e6 9. d4 a6 10. Be2 cxd4 11. Qxd4 Bc5 12. Qh4 O-O 13. Rd1 Qe7 14. Bf3
Ne5 15. Be2 Ng6 16. Qg3 Rfd8 17. Bg5 h6 18. Bxf6 Qxf6 19. Ne4 Qe7 20. Nxc5 Qxc5
21. Qb3 b5 22. a4 b4 23. Qc4 Qxc4 24. Bxc4 a5 25. Kf1 Kf8 26. Ke1 Rdc8 27. Bb3
Ra7 28. Rd4 Rc5 29. Rad1 Ke7 30. Rc4 Rg5 31. g3 Ne5 32. f4 Nxc4 33. fxg5 Ne3
34. Rd3 Ng4 35. gxh6 Nxh6 36. c3 Rb7 37. Kd2 Nf5 38. cxb4 Rxb4 39. Kc3 Nd6 40.
Rd4 Ne4+ 41. Kd3 Nc5+ 42. Kc3 Rxd4 43. Kxd4 Nxb3+ 44. Kc4 Nd2+ 45. Kb5 Kd6 46.
Kxa5 Kc6 47. Kb4 e5 48. Kc3 Ne4+ 49. Kc4 Nd6+ 50. Kc3 Kc5 51. b4+ Kd5 52. Kd3
f5 53. a5 Nb5 0-1

[Event "France - Open A"]
[Site "Chartres"]
[Date "2019.08.22"]
[Round "6.50"]
[White "Venard, Gautier"]
[Black "Gueriche, Guillaume"]
[Result "0-1"]
[WhiteElo "1968"]
[BlackElo "1950"]
[PlyCount "68"]
[EventDate "2019.08.??"]
[EventType "swiss"]
[EventRounds "9"]
[EventCountry "FRA"]
[WhiteTeam "Vandoeuvre-Echecs"]
[BlackTeam "Lyon Olympique Echecs"]

1. c4 Nf6 2. Nc3 e5 3. g3 Bb4 4. Nd5 Nxd5 5. cxd5 O-O 6. Bg2 d6 7. e3 f5 8. Ne2
Nd7 9. a3 Ba5 10. b4 Bb6 11. O-O e4 12. d3 exd3 13. Nf4 Qf6 14. Rb1 g5 15. Bb2
Qh6 16. Nxd3 Nf6 17. Qc2 Ng4 18. h3 f4 19. gxf4 Nxe3 20. fxe3 Bxe3+ 21. Kh2 g4
22. Rbe1 Bb6 23. Re7 Rf7 24. Re8+ Rf8 25. Rxf8+ Kxf8 26. Qc3 gxh3 27. Qh8+ Kf7
28. Be4 Bf5 29. Qxa8 Bxe4 30. Ne5+ dxe5 31. fxe5+ Ke7 32. d6+ cxd6 33. Bc1 Qg6
34. exd6+ Kd7 0-1

[Event "France - Open A"]
[Site "Chartres"]
[Date "2019.08.23"]
[Round "7.7"]
[White "Droin, Augustin"]
[Black "Guignier, Nicolas"]
[Result "1-0"]
[WhiteElo "2128"]
[BlackElo "2151"]
[PlyCount "67"]
[EventDate "2019.08.??"]
[EventType "swiss"]
[EventRounds "9"]
[EventCountry "FRA"]
[WhiteTeam "Nomad' Echecs"]
[BlackTeam "Dijon Echiquier des Ducs"]

1. e4 e6 2. d4 d5 3. Nc3 Nf6 4. Bg5 dxe4 5. Nxe4 Be7 6. Bxf6 gxf6 7. Nf3 a6 8.
g3 f5 9. Nc3 c5 10. d5 Bf6 11. Bg2 e5 12. Nd2 b5 13. Qh5 Bg7 14. O-O O-O 15.
Rad1 Qd6 16. Qe2 c4 17. a4 Bd7 18. Ra1 b4 19. Nxc4 Qc5 20. Nd1 Re8 21. c3 a5
22. d6 Nc6 23. Nde3 e4 24. Rac1 bxc3 25. bxc3 Ne5 26. Nxe5 Bxe5 27. Rfd1 Be6
28. d7 Red8 29. Bh3 Bg7 30. Bxf5 Bxf5 31. Qh5 Qc6 32. Nxf5 Rxd7 33. Rxd7 Qxd7
34. Qg4 1-0

[Event "France - Open A"]
[Site "Chartres"]
[Date "2019.08.23"]
[Round "7.8"]
[White "Spitz, Patrick"]
[Black "Bordais, Benjamin"]
[Result "1-0"]
[WhiteElo "2008"]
[BlackElo "2137"]
[PlyCount "131"]
[EventDate "2019.08.??"]
[EventType "swiss"]
[EventRounds "9"]
[EventCountry "FRA"]
[WhiteTeam "Cavalier de la Tourelle Saint-Mande"]
[BlackTeam "A.C.L. Orbec Echecs"]

1. e4 c6 2. d4 d5 3. Nc3 g6 4. Nf3 Bg7 5. e5 Nh6 6. h3 f6 7. Bd3 O-O 8. O-O Nd7
9. Qe2 fxe5 10. dxe5 Nc5 11. Bg5 Nxd3 12. cxd3 Nf7 13. Bf4 Qe8 14. Bg3 Nd8 15.
Nd4 Ne6 16. Nxe6 Bxe6 17. Qe3 Qd7 18. Ne2 d4 19. Qxd4 Rfd8 20. Qxd7 Rxd7 21.
Rac1 Bxa2 22. Rc3 Bd5 23. f4 e6 24. Bf2 g5 25. g3 gxf4 26. gxf4 Bf8 27. Be3
Rg7+ 28. Kf2 Rg2+ 29. Ke1 Bb4 30. f5 exf5 31. Rxf5 Bxc3+ 32. bxc3 Rf8 33. Rxf8+
Kxf8 34. Bxa7 Kf7 35. Nf4 Rg5 36. Bb8 Rf5 37. Ke2 Ke7 38. Ke3 Rg5 39. c4 Be6
40. Kf3 Rg1 41. Ba7 Rh1 42. Kg2 Rd1 43. Be3 Bf5 44. d4 b5 45. cxb5 cxb5 46. Kf2
Bxh3 47. Nxh3 b4 48. Ke2 Rh1 49. Nf2 b3 50. Nd3 Rh2+ 51. Bf2 h5 52. d5 Rg2 53.
Kf3 Rg8 54. Bh4+ Ke8 55. e6 Rg4 56. Bf6 Rg6 57. Bd4 h4 58. Ne5 Rh6 59. Ng4 Rg6
60. Ne5 Rh6 61. Kg2 Ke7 62. Kh3 Rh5 63. Bb2 Kd6 64. Nc4+ Ke7 65. Ba3+ Kf6 66.
e7 1-0

[Event "France - Open A"]
[Site "Chartres"]
[Date "2019.08.23"]
[Round "7.9"]
[White "Llapasset, Jean-Louis"]
[Black "Girardon, Jerome"]
[Result "0-1"]
[WhiteElo "2050"]
[BlackElo "2164"]
[PlyCount "66"]
[EventDate "2019.08.??"]
[EventType "swiss"]
[EventRounds "9"]
[EventCountry "FRA"]
[WhiteTeam "Echiquier Diabolique de Canohes"]
[BlackTeam "Gueugnon Echecs"]

1. e4 c5 2. Nf3 d6 3. d4 cxd4 4. Nxd4 Nf6 5. Nc3 a6 6. Be3 g6 7. f3 Nbd7 8. Qd2
Qc7 9. g4 h6 10. O-O-O Bg7 11. h4 b5 12. h5 b4 13. Nd5 Nxd5 14. exd5 g5 15. Nf5
Bf6 16. Kb1 Ne5 17. Rh3 Rb8 18. Bd4 a5 19. Be2 Bxf5 20. gxf5 Kd7 21. f4 gxf4
22. Qxf4 Rhg8 23. Qd2 a4 24. Bxe5 Bxe5 25. f6 b3 26. axb3 axb3 27. Bg4+ e6 28.
dxe6+ fxe6 29. cxb3 Ra8 30. Qd3 Qc5 31. Qh7+ Kc6 32. Bxe6 Ra1+ 33. Kxa1 Qa3+
0-1

[Event "France - Open A"]
[Site "Chartres"]
[Date "2019.08.23"]
[Round "7.10"]
[White "Rode, Antony"]
[Black "Roux, Baptiste"]
[Result "1-0"]
[WhiteElo "2076"]
[BlackElo "2130"]
[PlyCount "73"]
[EventDate "2019.08.??"]
[EventType "swiss"]
[EventRounds "9"]
[EventCountry "FRA"]
[WhiteTeam "Club d'Echecs du Vesinet"]
[BlackTeam "Corsica Chess Club"]

1. e4 c5 2. Nf3 e6 3. c4 Nc6 4. Nc3 Nf6 5. Be2 Be7 6. d4 cxd4 7. Nxd4 O-O 8.
O-O Qc7 9. Be3 a6 10. Rc1 Nxd4 11. Qxd4 d6 12. Rfd1 Bd7 13. a4 e5 14. Qd3 b6
15. Bg5 Be6 16. Bxf6 gxf6 17. Nd5 Bxd5 18. cxd5 Qb7 19. Bg4 Kh8 20. Bf5 Rg8 21.
Qh3 Rg7 22. Bc8 Qa7 23. b4 b5 24. a5 Rg5 25. Rc6 Qb8 26. Rdc1 Kg7 27. Rxa6 Rxa6
28. Bxa6 f5 29. Qe3 f4 30. Qb6 Qg8 31. Rc8 Bf8 32. f3 f5 33. Qd8 h6 34. exf5
Kh7 35. Rc7+ Kh8 36. Qf6+ Bg7 37. Qe6 1-0